The Key-Lock Man (Record no. 88726)
[ view plain ]
| 000 -LEADER | |
|---|---|
| fixed length control field | 00609nim a22002175 4500 |
| 001 - CONTROL NUMBER | |
| control field | BK0011166616 |
| 005 - DATE AND TIME OF LATEST TRANSACTION | |
| control field | 20241220133510.0 |
| 008 - FIXED-LENGTH DATA ELEMENTS--GENERAL INFORMATION | |
| fixed length control field | 121228 eng |
| 020 ## - INTERNATIONAL STANDARD BOOK NUMBER | |
| International Standard Book Number | 9780449011652 : CMD |
| Terms of availability | $25.00 |
| 020 ## - INTERNATIONAL STANDARD BOOK NUMBER | |
| International Standard Book Number | 0449011658 : CMD |
| Terms of availability | $25.00 |
| 037 ## - SOURCE OF ACQUISITION | |
| Source of stock number/acquisition | Random House, 400 Bennett Cerf Dr, Westminster, MD, USA, 21157 |
| Note | SAN 201-3975 |
| 050 ## - LIBRARY OF CONGRESS CALL NUMBER | |
| Classification number | PS |
| 082 ## - DEWEY DECIMAL CLASSIFICATION NUMBER | |
| Classification number | 813 |
| 092 ## - LOCALLY ASSIGNED DEWEY CALL NUMBER (OCLC) | |
| Classification number | 813.0000 |
| 092 ## - LOCALLY ASSIGNED DEWEY CALL NUMBER (OCLC) | |
| Classification number | LAMOUR |
| 100 ## - MAIN ENTRY--PERSONAL NAME | |
| Personal name | L'Amour, Louis/ Culp, Jason (NRT) |
| 9 (RLIN) | 6185814 |
| 245 04 - TITLE STATEMENT | |
| Title | The Key-Lock Man |
| 260 ## - PUBLICATION, DISTRIBUTION, ETC. (IMPRINT) | |
| Name of publisher, distributor, etc | Random House |
| Date of publication, distribution, etc | 2013 |
| 942 ## - ADDED ENTRY ELEMENTS (KOHA) | |
| Koha item type | Audiobook on CD |
| 998 ## - LOCAL CONTROL INFORMATION (RLIN) | |
| -- | a156756 |
| Withdrawn status | Lost status | Source of classification or shelving scheme | Materials specified (bound volume or other part) | Damaged status | Not for loan | Collection code | Home library | Current library | Shelving location | Date acquired | Source of acquisition | Cost, normal purchase price | Total Checkouts | Full call number | Barcode | Date last seen | Date checked out | Cost, replacement price | Price effective from | Koha item type | Public note |
|---|---|---|---|---|---|---|---|---|---|---|---|---|---|---|---|---|---|---|---|---|---|
| Dewey Decimal Classification | .CIRCNOTE. 4 discs | Audiobooks | Wasatch County Library | Wasatch County Library | Second Floor | 02/27/2013 | 25.00 | 39 | CD L'Am | 34301001136698 | 07/28/2025 | 07/22/2025 | 25.00 | 03/20/2020 | Audiobook on CD | .PUBLIC. 4 discs |
